Environmental engineering (Record no. 5357)

000 -LEADER
fixed length control field 00678nam a2200241 4500
001 - CONTROL NUMBER
control field 5357
003 - CONTROL NUMBER IDENTIFIER
control field BD-DhUET
008 - FIXED-LENGTH DATA ELEMENTS--GENERAL INFORMATION
fixed length control field 141126b xxu||||| |||| 00| 0 eng d
020 ## - INTERNATIONAL STANDARD BOOK NUMBER
International Standard Book Number 0071002316
040 ## - CATALOGING SOURCE
Transcribing agency 0
Modifying agency BD-DhUET
082 ## - DEWEY DECIMAL CLASSIFICATION NUMBER
Classification number 628
Item number PEA/1985
100 ## - MAIN ENTRY--PERSONAL NAME
Personal name Peavy, Howard S
245 ## - TITLE STATEMENT
Title Environmental engineering
250 ## - EDITION STATEMENT
Edition statement 1st ed.
260 ## - PUBLICATION, DISTRIBUTION, ETC. (IMPRINT)
Place of publication, distribution, etc. New york
Name of publisher, distributor, etc. McGraw-Hill
Date of publication, distribution, etc. 1985
300 ## - PHYSICAL DESCRIPTION
Extent xiv,699 p.+various paging
Other physical details ill.
490 ## - SERIES STATEMENT
Series statement McGraw-Hill series in water resources and environmental engineering
504 ## - BIBLIOGRAPHY, ETC. NOTE
Bibliography, etc Includes bibliographies
650 #0 - SUBJECT ADDED ENTRY--TOPICAL TERM
Topical term or geographic name as entry element Environmental engineering
700 ## - ADDED ENTRY--PERSONAL NAME
Personal name Rowe, Donald R.
700 ## - ADDED ENTRY--PERSONAL NAME
Personal name Tchobanoglous, George
942 ## - ADDED ENTRY ELEMENTS (KOHA)
Koha item type General Book
Holdings
Koha date last seen Copy number Koha renewals Sublocation or collection (holding branch) Withdrawn status Not for loan Koha item type Koha full call number Lost status Location (home branch) Price effective from Koha issues (times borrowed) Koha normalized classification for sorting Koha date last borrowed Source of classification or shelving scheme Date acquired Damaged status Shelving location Piece designation (barcode)
2024-09-081 Central Library, BUET  General Book628/PEA/1985 Central Library, BUET2014-11-269628PEA19852023-12-10 2014-11-26 Circulation section81896
2024-06-022 Central Library, BUET  General Book628/PEA/1985 Central Library, BUET2014-11-2610628PEA19852024-03-16 2014-11-26 Circulation section81895
2015-06-183 Central Library, BUET  Reading Item628/PEA/1985 Central Library, BUET2015-06-18 628_000000000000000_PEA_1985  2015-06-18 Reading section88788
2015-06-184 Central Library, BUET  Reading Item628/PEA/1985 Central Library, BUET2015-06-18 628_000000000000000_PEA_1985  2015-06-18 Reading section87579
2021-11-135 Central Library, BUET  General Book628/PEA/1985 Central Library, BUET2017-10-312628_000000000000000_PEA_19852020-03-16 1991-10-28 Circulation section81894
2024-12-01ক-৫১ Central Library, BUET  Rental Item628 PEA/1985 Central Library, BUET2024-12-01 628_000000000000000_PEA_1985  1991-10-28 Rental section81847
2024-12-01ক-৭৮ Central Library, BUET  Rental Item628 PEA/1985 Central Library, BUET2024-12-01 628_000000000000000_PEA_1985  1991-10-28 Rental section81874
2024-12-01ক-৭৯ Central Library, BUET  Rental Item628 PEA/1985 Central Library, BUET2024-12-01 628_000000000000000_PEA_1985  1991-10-28 Rental section81875
2024-12-01ক-৮০ Central Library, BUET  Rental Item628 PEA/1985 Central Library, BUET2024-12-01 628_000000000000000_PEA_1985  1991-10-28 Rental section81876
2024-12-01ক-৮১ Central Library, BUET  Rental Item628 PEA/1985 Central Library, BUET2024-12-01 628_000000000000000_PEA_1985  1991-10-28 Rental section81877
2024-12-01ক-৮২ Central Library, BUET  Rental Item628 PEA/1985 Central Library, BUET2024-12-01 628_000000000000000_PEA_1985  1991-10-28 Rental section81878
2024-12-01ক-৮৩ Central Library, BUET  Rental Item628 PEA/1985 Central Library, BUET2024-12-01 628_000000000000000_PEA_1985  1991-10-28 Rental section81879
2024-12-01ক-৮৪ Central Library, BUET  Rental Item628 PEA/1985 Central Library, BUET2024-12-01 628_000000000000000_PEA_1985  1991-10-28 Rental section81880
2024-12-01ক-৮৫ Central Library, BUET  Rental Item628 PEA/1985 Central Library, BUET2024-12-01 628_000000000000000_PEA_1985  1991-10-28 Rental section81881
2024-12-01ক-৮৬ Central Library, BUET  Rental Item628 PEA/1985 Central Library, BUET2024-12-01 628_000000000000000_PEA_1985  1991-10-28 Rental section81882
2024-12-01ক-৮৭ Central Library, BUET  Rental Item628 PEA/1985 Central Library, BUET2024-12-01 628_000000000000000_PEA_1985  1991-10-28 Rental section81883
2024-12-01ক-৮৭ Central Library, BUET  Rental Item628 PEA/1985 Central Library, BUET2024-12-01 628_000000000000000_PEA_1985  1991-10-28 Rental section81884